| 000 | 01157cad a22002415a 4500 | ||
|---|---|---|---|
| 001 | L146460 | ||
| 008 | 090122s2009 xxkd f s 000 0 eng d | ||
| 035 | _a(Sirsi) u146460 | ||
| 041 | 0 | _aeng | |
| 050 | 0 | 4 | _a333.33 $2 18 |
| 110 | 2 |
_aColliers CRE _95075 |
|
| 245 | 0 | 0 |
_aProperty snapshot _bJanuary 2009 _h[electronic resource] |
| 260 |
_aLondon _bColliers _c2009 |
||
| 490 | 0 |
_aProperty Snapshot _vJanuary 2009 |
|
| 520 | _aReveals that the Bank of England Credit Conditions Survey indicates a further reduction in lending to commercial real estate sector. Suggests that investment market pricing is nearing bottom in some market segments and asset classes. However, increasing risk of voids, rental declines and continued lack of finance are fuelling ongoing uncertainty, thus increasing the scope for further capital value falls. | ||
| 521 | _aAdvanced | ||
| 590 | _aKA | ||
| 650 | 2 | 4 | _aCOLLIERS PROPERTY SNAPSHOT |
| 651 | 4 |
_aUnited Kingdom _y |
|
| 690 | _aPROPERTY-COMMERCIAL PROPERTY-COMMERCIAL PROPERTY MARKET | ||
| 856 | 4 | 0 |
_uhttps://www.colliers.com/ _zView this report free of charge under market reports at www.colliers.com... |
| 942 | _n0 | ||
| 999 |
_c109182 _d109182 |
||